| 000 | 00438 a2200157 4500 | ||
|---|---|---|---|
| 003 | NUST | ||
| 005 | 20230320163419.0 | ||
| 040 | _cNust | ||
| 082 | _a920,UMR | ||
| 100 |
_aKhan, Muhammad Umrao _9110720 |
||
| 245 |
_aEik Gernail Ki Sarguzisht / ایک جرنیل کی سرگزشت / _cMaj Gen (R) Muhammad Umrao Khan |
||
| 260 |
_aLahore _bFerozsons |
||
| 300 | _a404:p. | ||
| 650 |
_aUrdu Biography _9110721 |
||
| 942 |
_2ddc _cBK _k920,UMR |
||
| 999 |
_c187649 _d187649 |
||